<?xml version="1.0" encoding="UTF-8"?>
<record
    xmlns:xsi="http://www.w3.org/2001/XMLSchema-instance"
    xsi:schemaLocation="http://www.loc.gov/MARC21/slim http://www.loc.gov/standards/marcxml/schema/MARC21slim.xsd"
    xmlns="http://www.loc.gov/MARC21/slim">

  <leader>00758nam a22001817a 4500</leader>
  <datafield tag="999" ind1=" " ind2=" ">
    <subfield code="c">56900</subfield>
    <subfield code="d">56900</subfield>
  </datafield>
  <controlfield tag="005">20191106130015.0</controlfield>
  <controlfield tag="008">190612b2019    ru ||||| |||| 00| 0 rus d</controlfield>
  <datafield tag="020" ind1=" " ind2=" ">
    <subfield code="q">2541-8610</subfield>
  </datafield>
  <datafield tag="041" ind1=" " ind2=" ">
    <subfield code="a">rus</subfield>
  </datafield>
  <datafield tag="245" ind1=" " ind2=" ">
    <subfield code="a">&#x418;&#x43D;&#x444;&#x43E;&#x440;&#x43C;&#x430;&#x446;&#x438;&#x43E;&#x43D;&#x43D;&#x43E;-&#x423;&#x43F;&#x440;&#x430;&#x432;&#x43B;&#x44F;&#x44E;&#x449;&#x438;&#x435; &#x421;&#x438;&#x441;&#x442;&#x435;&#x43C;&#x44B; :</subfield>
    <subfield code="b">2019 &#x2116; (99)  &#x41D;&#x430;&#x443;&#x447;&#x43D;&#x44B;&#x439;  &#x436;&#x443;&#x440;&#x43D;&#x430;&#x43B;  /</subfield>
    <subfield code="c">&#x413;&#x43B;&#x430;&#x432;: &#x420;&#x435;&#x434;: &#x41C;. &#x411; &#x421;&#x435;&#x440;&#x433;&#x435;&#x435;&#x432;.</subfield>
  </datafield>
  <datafield tag="260" ind1=" " ind2=" ">
    <subfield code="a">&#x41C;&#x43E;&#x441;&#x43A;&#x432;&#x430; ,</subfield>
    <subfield code="b">2019.</subfield>
  </datafield>
  <datafield tag="300" ind1=" " ind2=" ">
    <subfield code="a">V.</subfield>
  </datafield>
  <datafield tag="653" ind1=" " ind2=" ">
    <subfield code="a">&#x10DE;&#x10D4;&#x10E0;&#x10D8;&#x10DD;&#x10D3;&#x10D8;&#x10D9;&#x10D0;</subfield>
  </datafield>
  <datafield tag="653" ind1=" " ind2=" ">
    <subfield code="a">&#x10DB;&#x10D0;&#x10E0;&#x10D7;&#x10D5;&#x10D8;&#x10E1; &#x10E1;&#x10D0;&#x10D8;&#x10DC;&#x10E4;&#x10DD;&#x10E0;&#x10DB;&#x10D0;&#x10EA;&#x10D8;&#x10DD; &#x10E1;&#x10D8;&#x10E1;&#x10E2;&#x10D4;&#x10DB;&#x10D4;&#x10D1;&#x10D8;</subfield>
  </datafield>
  <datafield tag="653" ind1=" " ind2=" ">
    <subfield code="a">&#x418;&#x43D;&#x444;&#x43E;&#x440;&#x43C;&#x446;&#x438;&#x43E;&#x43D;&#x43D;&#x43E;-&#x423;&#x43F;&#x440;&#x430;&#x432;&#x43B;&#x44F;&#x44E;&#x449;&#x438;&#x435; &#x421;&#x438;&#x441;&#x442;&#x435;&#x43C;&#x438;</subfield>
  </datafield>
  <datafield tag="700" ind1=" " ind2=" ">
    <subfield code="a">&#x421;&#x435;&#x440;&#x433;&#x435;&#x435;&#x432;,&#x41C;. &#x411;</subfield>
    <subfield code="e">&#x10DB;&#x10D7;&#x10D0;&#x10D5;&#x10D0;&#x10E0;&#x10D8; &#x10E0;&#x10D4;&#x10D3;&#x10D0;&#x10E5;&#x10E2;&#x10DD;&#x10E0;&#x10D8;</subfield>
    <subfield code="9">2446</subfield>
  </datafield>
  <datafield tag="942" ind1=" " ind2=" ">
    <subfield code="2">udc</subfield>
    <subfield code="c">CR</subfield>
  </datafield>
  <datafield tag="952" ind1=" " ind2=" ">
    <subfield code="0">0</subfield>
    <subfield code="1">0</subfield>
    <subfield code="2">udc</subfield>
    <subfield code="4">0</subfield>
    <subfield code="7">2</subfield>
    <subfield code="9">86345</subfield>
    <subfield code="a">CPL</subfield>
    <subfield code="b">CPL</subfield>
    <subfield code="d">2019-06-12</subfield>
    <subfield code="h">&#x2116;2 (99) 2019</subfield>
    <subfield code="p">p80083</subfield>
    <subfield code="r">2019-06-12</subfield>
    <subfield code="t">p80083</subfield>
    <subfield code="w">2019-06-12</subfield>
    <subfield code="y">CR</subfield>
  </datafield>
  <datafield tag="952" ind1=" " ind2=" ">
    <subfield code="0">0</subfield>
    <subfield code="1">0</subfield>
    <subfield code="2">udc</subfield>
    <subfield code="4">0</subfield>
    <subfield code="7">2</subfield>
    <subfield code="9">86737</subfield>
    <subfield code="a">CPL</subfield>
    <subfield code="b">CPL</subfield>
    <subfield code="d">2019-09-03</subfield>
    <subfield code="h">&#x2116;3 (100) 2019</subfield>
    <subfield code="p">p80172</subfield>
    <subfield code="r">2019-09-03</subfield>
    <subfield code="t">p80172</subfield>
    <subfield code="w">2019-09-03</subfield>
    <subfield code="y">CR</subfield>
  </datafield>
  <datafield tag="952" ind1=" " ind2=" ">
    <subfield code="0">0</subfield>
    <subfield code="1">0</subfield>
    <subfield code="2">udc</subfield>
    <subfield code="4">0</subfield>
    <subfield code="7">2</subfield>
    <subfield code="9">86738</subfield>
    <subfield code="a">CPL</subfield>
    <subfield code="b">CPL</subfield>
    <subfield code="d">2019-09-03</subfield>
    <subfield code="h">&#x2116;4  2018</subfield>
    <subfield code="p">p79755</subfield>
    <subfield code="r">2019-09-03</subfield>
    <subfield code="t">p79755</subfield>
    <subfield code="w">2019-09-03</subfield>
    <subfield code="y">CR</subfield>
  </datafield>
  <datafield tag="952" ind1=" " ind2=" ">
    <subfield code="0">0</subfield>
    <subfield code="1">0</subfield>
    <subfield code="2">udc</subfield>
    <subfield code="4">0</subfield>
    <subfield code="7">2</subfield>
    <subfield code="9">86739</subfield>
    <subfield code="a">CPL</subfield>
    <subfield code="b">CPL</subfield>
    <subfield code="d">2019-09-03</subfield>
    <subfield code="h">&#x2116;5 (96) 2018</subfield>
    <subfield code="p">p79816</subfield>
    <subfield code="r">2019-09-03</subfield>
    <subfield code="t">p79816</subfield>
    <subfield code="w">2019-09-03</subfield>
    <subfield code="y">CR</subfield>
  </datafield>
  <datafield tag="952" ind1=" " ind2=" ">
    <subfield code="0">0</subfield>
    <subfield code="1">0</subfield>
    <subfield code="2">udc</subfield>
    <subfield code="4">0</subfield>
    <subfield code="7">2</subfield>
    <subfield code="9">87524</subfield>
    <subfield code="a">CPL</subfield>
    <subfield code="b">CPL</subfield>
    <subfield code="d">2019-11-06</subfield>
    <subfield code="h">&#x2116; 4 (101) 2019</subfield>
    <subfield code="p">p80301</subfield>
    <subfield code="r">2019-11-06</subfield>
    <subfield code="t">p80301</subfield>
    <subfield code="w">2019-11-06</subfield>
    <subfield code="y">CR</subfield>
  </datafield>
  <datafield tag="952" ind1=" " ind2=" ">
    <subfield code="0">0</subfield>
    <subfield code="1">0</subfield>
    <subfield code="2">udc</subfield>
    <subfield code="4">0</subfield>
    <subfield code="7">2</subfield>
    <subfield code="9">87937</subfield>
    <subfield code="a">CPL</subfield>
    <subfield code="b">CPL</subfield>
    <subfield code="d">2019-12-06</subfield>
    <subfield code="h">&#x2116; 5 (102) 2019</subfield>
    <subfield code="p">p80367</subfield>
    <subfield code="r">2019-12-06</subfield>
    <subfield code="t">p80367</subfield>
    <subfield code="w">2019-12-06</subfield>
    <subfield code="y">CR</subfield>
  </datafield>
  <datafield tag="952" ind1=" " ind2=" ">
    <subfield code="0">0</subfield>
    <subfield code="1">0</subfield>
    <subfield code="2">udc</subfield>
    <subfield code="4">0</subfield>
    <subfield code="7">2</subfield>
    <subfield code="9">88886</subfield>
    <subfield code="a">CPL</subfield>
    <subfield code="b">CPL</subfield>
    <subfield code="d">2020-02-18</subfield>
    <subfield code="h">&#x2116; 6 (103) 2019</subfield>
    <subfield code="p">p80578</subfield>
    <subfield code="r">2020-02-18</subfield>
    <subfield code="t">p80578</subfield>
    <subfield code="w">2020-02-18</subfield>
    <subfield code="y">CR</subfield>
  </datafield>
</record>
